000 00827nam a2200253 i 4500
001 185736
003 SpMaBN
005 20250808040859.0
008 160804s1987 sp afo |||| |aspa d
020 _a84-206-7061-8
080 _a929 Klee, Paul
080 _a75 Klee, Paul
100 1 _aKlee, Paul.
_968190
245 1 0 _aDiarios, 1898-1918 /
_cPaul Klee ; edición y prólogo de Felix Klee ; versión española de Jas Reuter.
260 _aMadrid :
_bAlianza Editorial,
_c[1987]
300 _a322 p., [16] p. de lám. fot. :
_bil. ;
_c23 cm.
490 1 _aAlianza forma ;
_v61
600 1 7 _aKlee, Paul.
_968190
700 1 _aKlee, Felix.
_9160340
700 1 _aReuter, Jas.
_996381
830 0 0 _aAlianza forma
_v61
_9177869
852 _aES-MaACL
_jL-30518
_z. - Donat. Miguel A. Velasco
999 _c185736
_d185736